000
00301nam a2200121Ia 4500
008
190216s9999||||xx |||||||||||||| ||und||
100
_a
Rabindranath Tagore
245
0
_a
Chitra
260
_b
Sahithya Pravarthaka Sahakarana Sangam
_c
1961
300
_a
67p
650
_a
Malayalam Nadakam
942
_c
BK
999
_c
24531
_d
24531